000 00568nam a2200181Ia 4500
008 151018s9999 xx 000 0 und d
082 _bRBASDV23565
_a891.463
100 _aवा शि आपटे
245 _aकेदारचे साहस
250 _b1
260 _bश्रीराम प्रकाशन पुणे
_c1985
300 _a64
600 _aवा शि आपटे
630 _aकेदारचे साहस
700 _aवा शि आपटे
730 _aकेदारचे साहस
942 _cBOOK
999 _c1023219
_d1023216